[Event "Moscow op"]
[Site "Moscow"]
[Date "2011.01.12"]
[Round "9"]
[White "Malov, Lev Pavlovich"]
[Black "Agafonov, Anton V"]
[Result "1-0"]
[WhiteElo "2016"]
[BlackElo "2053"]
[PlyCount "47"]
[EventDate "2011.01.03"]
[EventType "swiss"]
[EventRounds "9"]
[EventCountry "RUS"]
[SourceTitle "CBM 140 Extra"]
[Source "ChessBase"]
[SourceDate "2011.03.01"]
[SourceVersion "1"]
[SourceVersionDate "2011.03.01"]
[SourceQuality "1"]

1. Nf3 d5 2. d4 Nc6 3. e3 Bg4 4. Be2 e6 5. Nbd2 Bd6 6. 0-0 Nf6 7. c4 dxc4 8. Nxc4 0-0 9. b3 e5 10. Nfxe5 Bxe2 11. Qxe2 Bxe5 12. Nxe5 Nxe5 13. dxe5 Ne4 14. Qc4 Ng5 15. Ba3 Re8 16. Rfd1 Qc8 17. Rac1 c6 18. h4 Ne6 19. f4 Nc7 20. Qe2 Qe6 21. Rd6 Qf5 22. g4 Qe4 23. Rd4 Qg6 24. f5 1-0

[Event "Moscow op"]
[Site "Moscow"]
[Date "2011.01.04"]
[Round "2"]
[White "Agafonov, Anton V"]
[Black "Dobrovolskiy, Konstantin"]
[Result "0-1"]
[WhiteElo "2053"]
[BlackElo "2209"]
[PlyCount "112"]
[EventDate "2011.01.03"]
[EventType "swiss"]
[EventRounds "9"]
[EventCountry "RUS"]
[SourceTitle "CBM 140 Extra"]
[Source "ChessBase"]
[SourceDate "2011.03.01"]
[SourceVersion "1"]
[SourceVersionDate "2011.03.01"]
[SourceQuality "1"]

1. d4 d5 2. Nc3 Bf5 3. Nf3 Nf6 4. e3 e6 5. a3 c5 6. dxc5 Bxc5 7. Bd3 Bg6 8. Ne5 0-0 9. Nxg6 hxg6 10. h4 Nc6 11. h5 gxh5 12. g4 hxg4 13. b4 Bb6 14. Bb2 Ne5 15. Na4 Nf3+ 16. Ke2 e5 17. Bf5 Qc7 18. Nxb6 axb6 19. Qd3 Rfd8 20. Qb3 d4 21. Bxg4 Nd2 22. Kxd2 dxe3+ 23. Ke2 Nxg4 24. fxe3 Rac8 25. c3 Qc6 26. Rag1 Qe4 27. Bc1 Rd3 28. Rxg4 Qxg4+ 29. Kxd3 Rd8+ 30. Kc2 Qg2+ 31. Bd2 Rxd2+ 32. Kc1 Ra2 33. Kb1 Qxh1+ 34. Kxa2 Qg2+ 35. Kb1 Qf1+ 36. Kc2 Qe2+ 37. Kb1 Qd3+ 38. Kb2 Qd2+ 39. Kb1 Qxe3 40. Qc4 Qg1+ 41. Kc2 Qg2+ 42. Kd1 Qf3+ 43. Ke1 g5 44. Qc8+ Kg7 45. Qc7 e4 46. Qxb7 Qxc3+ 47. Ke2 Qd3+ 48. Ke1 e3 49. Qg2 Qb1+ 50. Ke2 Qc2+ 51. Kf3 Qc6+ 52. Kg3 Qxg2+ 53. Kxg2 Kf6 54. Kf3 Ke5 55. Kxe3 Kd5 56. Kd3 b5 0-1